000
00268 a2200121 4500
001
86410
082
_a
338.7623746 RIC
090
_c
40606
_d
40606
100
_a
Rich Ben R.
245
_a
skunk works
260
_a
NY
_b
Little Brown
_c
1999
300
_a
x, 372 p.
942
_a
NUST CAE
_k
338.7623746 RIC
999
_c
321483
_d
321483